[Event "Kingston op"]
[Site "Kingston CAN"]
[Date "2002.02.10"]
[Round "5"]
[White "Dixon, Frank"]
[Black "Djerkovic, Miladin"]
[Result "0-1"]
[WhiteElo "1923"]
[BlackElo "2259"]
[PlyCount "62"]
[EventDate "2002.02.08"]
[EventType "swiss"]
[EventRounds "5"]
[EventCountry "CAN"]

1. e4 e5 2. Nf3 Nc6 3. Bb5 a6 4. Ba4 d6 5. c3 f5 6. d3 Nf6 7. Bc2 Be7 8. Nbd2
O-O 9. b3 h6 10. Bb2 Be6 11. Qe2 Nh5 12. g3 fxe4 13. dxe4 Qd7 14. h4 Bg4 15.
Qc4+ Rf7 16. Bd1 Raf8 17. Be2 g6 18. O-O-O Kg7 19. Qd3 Qe6 20. Qe3 b5 21. Rh2
Nf6 22. c4 b4 23. Re1 a5 24. c5 Bxf3 25. Bc4 d5 26. exd5 Bxd5 27. Bxd5 Qxd5 28.
f3 Bxc5 29. Qe2 Bd4 30. Ne4 Nxe4 31. fxe4 Qc5+ 0-1

[Event "Kingston op"]
[Site "Kingston CAN"]
[Date "2002.02.10"]
[Round "5"]
[White "Hum, Peter"]
[Black "Voloaca, Mihnea"]
[Result "0-1"]
[WhiteElo "2224"]
[BlackElo "2307"]
[PlyCount "57"]
[EventDate "2002.02.08"]
[EventType "swiss"]
[EventRounds "5"]
[EventCountry "CAN"]

1. Nf3 d5 2. d4 Nf6 3. c4 c6 4. e3 e6 5. Nbd2 Nbd7 6. Bd3 dxc4 7. Nxc4 c5 8.
O-O cxd4 9. exd4 Be7 10. Nce5 O-O 11. Qe2 Nb6 12. Bd2 Nbd5 13. a3 Qd6 14. Rac1
Re8 15. Ng5 Rf8 16. f4 Qb6 17. Bc3 Bxa3 18. Nc4 Nxc3 19. bxc3 Qb3 20. Bc2 Qb5
21. Rb1 Qc6 22. Nxa3 Qxc3 23. Nb5 Qc6 24. Rfc1 Qb6 25. Qd3 g6 26. Nc3 Qc7 27.
Nce4 Nd5 28. Qh3 h5 29. Bb3 0-1

[Event "Kingston op"]
[Site "Kingston CAN"]
[Date "2002.02.10"]
[Round "5"]
[White "Kirby, Patrick"]
[Black "Predescu, Sebastian"]
[Result "1-0"]
[WhiteElo "2199"]
[BlackElo "2095"]
[PlyCount "73"]
[EventDate "2002.02.08"]
[EventType "swiss"]
[EventRounds "5"]
[EventCountry "CAN"]

1. e4 c5 2. Nf3 d6 3. d4 cxd4 4. Nxd4 Nf6 5. Nc3 a6 6. f3 e5 7. Nb3 Be6 8. Be3
Nbd7 9. g4 h6 10. Qd2 b5 11. O-O-O Nb6 12. Qg2 Rc8 13. Kb1 Be7 14. h4 Nfd7 15.
f4 Rxc3 16. bxc3 Na4 17. Rd3 Bc4 18. g5 Bxd3 19. cxd3 Nxc3+ 20. Ka1 a5 21. d4
a4 22. Nd2 Qc7 23. Bd3 b4 24. Rc1 exf4 25. Bxf4 h5 26. Bc4 Qa7 27. Qf2 Nb6 28.
g6 Nxc4 29. gxf7+ Kf8 30. Nxc4 Nxe4 31. Qe3 Qb7 32. Re1 d5 33. Ne5 Rh7 34. Qh3
b3 35. Rxe4 bxa2 36. Ng6+ Kxf7 37. Qe6+ 1-0

[Event "Kingston op"]
[Site "Kingston CAN"]
[Date "2002.02.10"]
[Round "5"]
[White "Talajic, Milenko"]
[Black "Brice, Ron"]
[Result "1/2-1/2"]
[WhiteElo "2007"]
[BlackElo "2139"]
[PlyCount "68"]
[EventDate "2002.02.08"]
[EventType "swiss"]
[EventRounds "5"]
[EventCountry "CAN"]

1. d4 Nf6 2. c4 c5 3. e3 g6 4. Nf3 Bg7 5. Nc3 O-O 6. Be2 b6 7. O-O d6 8. d5 Bg4
9. h3 Bxf3 10. Bxf3 Nbd7 11. e4 a6 12. Be2 Qc7 13. Qc2 e6 14. Rb1 exd5 15. Nxd5
Nxd5 16. exd5 Qd8 17. b3 Re8 18. Bb2 Bxb2 19. Qxb2 Re5 20. Qd2 Qe7 21. Bf3 Re8
22. a3 Nf6 23. b4 Ne4 24. Bxe4 Rxe4 25. bxc5 bxc5 26. Rfc1 Qh4 27. Qc3 Re2 28.
Qf3 Qg5 29. g3 a5 30. h4 Qd2 31. Qf6 a4 32. Rf1 Qa2 33. Rb7 Rf8 34. Qxd6 Qxc4
1/2-1/2

[Event "Kitchener Masters"]
[Site "Kitchener CAN"]
[Date "2002.09.14"]
[Round "1"]
[White "Garcia, Alvaro"]
[Black "Fedotov, Andrey"]
[Result "1/2-1/2"]
[WhiteElo "2266"]
[BlackElo "2205"]
[PlyCount "146"]
[EventDate "2002.09.14"]
[EventType "match"]
[EventRounds "4"]
[EventCountry "CAN"]

1. d4 Nf6 2. c4 e6 3. Nf3 Bb4+ 4. Nc3 b6 5. g3 Bb7 6. Bg2 c5 7. O-O cxd4 8. Nb5
O-O 9. Bf4 d6 10. Nbxd4 e5 11. Nc2 exf4 12. Nxb4 fxg3 13. hxg3 Na6 14. Nxa6
Bxa6 15. Qa4 Bb7 16. Rad1 Qe7 17. Rfe1 Be4 18. Rd4 Rad8 19. Qa3 Rfe8 20. Nh4
Bxg2 21. Kxg2 Qb7+ 22. Qf3 Qxf3+ 23. Kxf3 Re5 24. Red1 g5 25. Ng2 Rf5+ 26. Ke3
Re8+ 27. Kd3 Rxf2 28. Ne3 Nd7 29. Kd2 Nc5 30. Rf1 Rh2 31. Rf3 h5 32. b4 Ne4+
33. Kd3 g4 34. Rf4 Nxg3 35. Nxg4 hxg4 36. Rxg4+ Kf8 37. Rxg3 Rexe2 38. a3 Ke7
39. Kc3 Rh8 40. Rf3 Rf8 41. Kd3 Re5 42. Rdf4 f5 43. Kd4 Ke6 44. Rh4 Rf7 45.
Rh6+ Kd7 46. Rh8 Re4+ 47. Kd3 Rg4 48. Ra8 Kc6 49. Rd8 Kc7 50. Ra8 Kb7 51. Rd8
Rc7 52. Rxd6 Rgxc4 53. Kd2 Rc2+ 54. Ke3 R2c3+ 55. Rd3 Rxd3+ 56. Kxd3 Rf7 57.
Kd4 f4 58. Kd5 Rd7+ 59. Kc4 Rf7 60. Kd5 Rf8 61. a4 Kc7 62. Ke6 Re8+ 63. Kd5 Rf8
64. Ke6 b5 65. a5 Kb7 66. Ke5 Kc6 67. Rc3+ Kd7 68. Rd3+ Ke7 69. Rf3 Kd7 70.
Rxf4 Rxf4 71. Kxf4 Ke6 72. Ke4 a6 73. Kd4 Kd6 1/2-1/2

[Event "Kitchener Masters"]
[Site "Kitchener CAN"]
[Date "2002.09.14"]
[Round "2"]
[White "Fedotov, Andrey"]
[Black "Garcia, Alvaro"]
[Result "0-1"]
[WhiteElo "2205"]
[BlackElo "2266"]
[PlyCount "62"]
[EventDate "2002.09.14"]
[EventType "match"]
[EventRounds "4"]
[EventCountry "CAN"]

1. d4 Nf6 2. c4 d6 3. Nc3 Nbd7 4. Nf3 c6 5. e4 e5 6. g3 Be7 7. Bg2 Qc7 8. O-O
a6 9. Qc2 b5 10. cxb5 cxb5 11. a3 Bb7 12. d5 Nc5 13. Nd2 O-O 14. b4 Na4 15. Bb2
Rac8 16. Rac1 Qd7 17. Qb3 Nxb2 18. Qxb2 Bd8 19. a4 Bb6 20. axb5 axb5 21. h3 Nh5
22. Kh2 g6 23. Bf3 f5 24. Bxh5 gxh5 25. exf5 Qxf5 26. Nde4 Rxc3 27. Nxc3 Bc8
28. Nxb5 Qxh3+ 29. Kg1 Qxg3+ 30. Kh1 Qh3+ 31. Kg1 Kh8 0-1

[Event "Kitchener Masters"]
[Site "Kitchener CAN"]
[Date "2002.09.15"]
[Round "3"]
[White "Garcia, Alvaro"]
[Black "Fedotov, Andrey"]
[Result "1-0"]
[WhiteElo "2266"]
[BlackElo "2205"]
[PlyCount "63"]
[EventDate "2002.09.14"]
[EventType "match"]
[EventRounds "4"]
[EventCountry "CAN"]

1. d4 Nf6 2. c4 e6 3. Nf3 Bb4+ 4. Bd2 Qe7 5. a3 Bxd2+ 6. Qxd2 b6 7. Nc3 Bb7 8.
Qf4 d5 9. cxd5 Nxd5 10. Nxd5 exd5 11. e3 O-O 12. Bd3 h6 13. h4 Ba6 14. Bc2 Nd7
15. g4 c5 16. Qf5 g6 17. Qf4 cxd4 18. Nxd4 Rac8 19. Rg1 Ne5 20. Rd1 Rc4 21. Bb3
Rfc8 22. Bxc4 Rxc4 23. g5 Qc7 24. gxh6 Rxd4 25. Qf6 Nd3+ 26. Rxd3 Qc1+ 27. Ke2
Bxd3+ 28. Kf3 Be2+ 29. Kg2 Rg4+ 30. Kh3 Bf1+ 31. Kxg4 Qc8+ 32. Kg5 1-0

[Event "Kitchener Masters"]
[Site "Kitchener CAN"]
[Date "2002.09.15"]
[Round "4"]
[White "Fedotov, Andrey"]
[Black "Garcia, Alvaro"]
[Result "1/2-1/2"]
[WhiteElo "2205"]
[BlackElo "2266"]
[PlyCount "80"]
[EventDate "2002.09.14"]
[EventType "match"]
[EventRounds "4"]
[EventCountry "CAN"]

1. d4 e6 2. c4 f5 3. Nf3 Nf6 4. g3 d5 5. Bg2 c6 6. O-O Bd6 7. b3 O-O 8. Ba3 Qe7
9. Bxd6 Qxd6 10. Nc3 Bd7 11. e3 Be8 12. Ne5 Bh5 13. Qd3 Ne4 14. f3 Nxc3 15.
Qxc3 Nd7 16. Nxd7 Qxd7 17. Rad1 Qe7 18. Rd2 a5 19. f4 Qb4 20. Rc2 Ra6 21. Bf3
Bxf3 22. Rxf3 Qxc3 23. Rxc3 Rb6 24. c5 Rb5 25. Rf2 Ra8 26. a3 Kf7 27. Rb2 Rb8
28. Kf2 b6 29. cxb6 R8xb6 30. Ke2 Ke7 31. Kd2 Kd6 32. Kc2 c5 33. dxc5+ Rxc5 34.
Rxc5 Kxc5 35. Kc3 Kd6 36. Kd3 e5 37. fxe5+ Kxe5 38. b4 axb4 39. axb4 Rb5 40.
Rb1 g6 1/2-1/2

[Event "La Colonne Ouverte"]
[Site "Hull CAN"]
[Date "2002.10.15"]
[Round "1"]
[White "Brousseau, Yvan"]
[Black "Levesque, Andre"]
[Result "1-0"]
[WhiteElo "1912"]
[BlackElo "1537"]
[PlyCount "65"]
[EventDate "2002.10.15"]
[EventType "swiss"]
[EventRounds "5"]
[EventCountry "CAN"]

1. d4 d5 2. c4 e6 3. Nc3 c6 4. Nf3 dxc4 5. a4 Bb4 6. Bd2 Nf6 7. e3 Bxc3 8. Bxc3
b5 9. axb5 cxb5 10. b3 Qd5 11. bxc4 bxc4 12. Ra5 Qd6 13. Bxc4 Qc7 14. Rc5 Qb7
15. O-O Ne4 16. Rxc8+ Qxc8 17. Bb5+ Nd7 18. Bb4 Rb8 19. Qd3 Qb7 20. Bxd7+ Qxd7
21. Ba3 Nd6 22. Ne5 Qc7 23. Rc1 Qb6 24. g4 O-O 25. Nd7 Qd8 26. Nxf8 Qxf8 27.
Rc6 Rb6 28. Bxd6 Qxd6 29. Rxd6 Rxd6 30. Qb5 Rd8 31. Qb7 g6 32. Qxa7 Kg7 33. Kg2
1-0

[Event "La Colonne Ouverte"]
[Site "Hull CAN"]
[Date "2002.10.15"]
[Round "1"]
[White "Lemieux, Richard"]
[Black "Groleau, Gilles"]
[Result "0-1"]
[WhiteElo "1674"]
[BlackElo "2122"]
[PlyCount "78"]
[EventDate "2002.10.15"]
[EventType "swiss"]
[EventRounds "5"]
[EventCountry "CAN"]

1. Nf3 Nf6 2. g3 b6 3. Bg2 Bb7 4. O-O e6 5. d3 d5 6. Bf4 Be7 7. Re1 O-O 8. Nc3
c5 9. d4 Nc6 10. dxc5 bxc5 11. Bg5 h6 12. Bd2 Qd7 13. a4 d4 14. Nb5 a6 15. Na3
e5 16. h3 Ne4 17. Nc4 Qc7 18. a5 Rad8 19. Bc1 Rfe8 20. Nh2 Nd6 21. Nb6 Bf8 22.
Nd5 Qc8 23. e4 Ne7 24. Nb6 Qe6 25. Qg4 Nec8 26. Nd5 Qxg4 27. Nxg4 h5 28. Nh2
Bxd5 29. exd5 f5 30. b3 Nb5 31. Bf1 Nca7 32. Nf3 Bd6 33. Ng5 Nc7 34. Bc4 g6 35.
Ba3 Kg7 36. h4 Nab5 37. Bb2 e4 38. b4 cxb4 39. Bxd4+ Nxd4 0-1

[Event "La Colonne Ouverte"]
[Site "Hull CAN"]
[Date "2002.10.15"]
[Round "1"]
[White "Thomann, Olivier"]
[Black "Blouin, Francois"]
[Result "1-0"]
[WhiteElo "1841"]
[BlackElo "1459"]
[PlyCount "115"]
[EventDate "2002.10.15"]
[EventType "swiss"]
[EventRounds "5"]
[EventCountry "CAN"]

1. e4 e5 2. Nf3 Nc6 3. Bb5 a6 4. Ba4 Be7 5. O-O Nf6 6. Re1 d6 7. h3 b5 8. Bb3
O-O 9. c3 Re8 10. d4 Bb7 11. Nbd2 Bf8 12. Bc2 g6 13. Nf1 Bg7 14. Ng3 Na5 15. a4
c5 16. dxe5 dxe5 17. Qxd8 Rexd8 18. Nxe5 Nc6 19. Nxc6 Bxc6 20. axb5 axb5 21.
Be3 c4 22. Bd4 Nd7 23. Red1 Rxa1 24. Rxa1 Ra8 25. Rxa8+ Bxa8 26. Bxg7 Kxg7 27.
Kf1 Ne5 28. Ke2 f6 29. Ke3 Nc6 30. Ne2 b4 31. cxb4 Nxb4 32. Bb1 Nc6 33. Nd4 Ne5
34. f4 Nf7 35. g3 Nd6 36. e5 fxe5 37. fxe5 Ne8 38. Kd2 Kh6 39. Kc3 Bg2 40. Kxc4
Bxh3 41. Kd5 Ng7 42. Kd6 Kg5 43. b4 Bf1 44. Ne6+ Nxe6 45. Kxe6 Kg4 46. Kf6 Kxg3
47. Be4 Bb5 48. Kg5 h6+ 49. Kf6 Kf4 50. Bxg6 Ke3 51. Ke6 Kd4 52. Bh5 Kc3 53.
Kd6 Kxb4 54. e6 Ka5 55. Kc7 Ka6 56. e7 Ka5 57. Kd8 Kb6 58. Bg4 1-0

[Event "La Colonne Ouverte"]
[Site "Hull CAN"]
[Date "2002.10.15"]
[Round "1"]
[White "Villeneuve, Luc"]
[Black "Charette, Jean Sebastien"]
[Result "1-0"]
[WhiteElo "1659"]
[BlackElo "1203"]
[PlyCount "39"]
[EventDate "2002.10.15"]
[EventType "swiss"]
[EventRounds "5"]
[EventCountry "CAN"]

1. e4 e5 2. Nf3 Nc6 3. Bb5 d6 4. d4 exd4 5. Nxd4 Bd7 6. Bxc6 Bxc6 7. Nxc6 bxc6
8. Qf3 Qf6 9. Qb3 Qg6 10. O-O Nf6 11. Qb7 Rd8 12. Qxc6+ Rd7 13. e5 dxe5 14. Rd1
Bd6 15. c4 Qc2 16. Nc3 Ne4 17. Qxe4 Qxe4 18. Nxe4 O-O 19. c5 Bxc5 20. Rxd7 1-0

[Event "La Colonne Ouverte"]
[Site "Hull CAN"]
[Date "2002.10.15"]
[Round "1"]
[White "Xu, Linda"]
[Black "Lacourse, Guy"]
[Result "1-0"]
[WhiteElo "1256"]
[BlackElo "1651"]
[PlyCount "61"]
[EventDate "2002.10.15"]
[EventType "swiss"]
[EventRounds "5"]
[EventCountry "CAN"]

1. e4 c5 2. Nf3 d6 3. d4 cxd4 4. Nxd4 Nf6 5. Nc3 a6 6. Bc4 e6 7. O-O Be7 8. Re1
Qc7 9. Bb3 O-O 10. Re3 b5 11. a3 Bb7 12. Bxe6 Nc6 13. Bf5 Nxd4 14. Qxd4 g6 15.
Bh3 Nh5 16. Rd3 Bf6 17. Qe3 Rfe8 18. Bg4 Ng7 19. Bd2 d5 20. Nxd5 Bxd5 21. Rxd5
Qxc2 22. Bf3 Bxb2 23. Rc5 Qxc5 24. Qxc5 Bxa1 25. Qb6 Re6 26. Qa5 Rc8 27. g3 Rc4
28. Qd8+ Re8 29. Qd3 f5 30. exf5 Nxf5 31. Bd5+ 1-0

[Event "La Colonne Ouverte"]
[Site "Hull CAN"]
[Date "2002.10.22"]
[Round "2"]
[White "Groleau, Gilles"]
[Black "Villeneuve, Luc"]
[Result "1-0"]
[WhiteElo "2122"]
[BlackElo "1659"]
[PlyCount "47"]
[EventDate "2002.10.15"]
[EventType "swiss"]
[EventRounds "5"]
[EventCountry "CAN"]

1. e4 e6 2. d4 d5 3. Nd2 dxe4 4. Nxe4 Bd7 5. Nf3 Bc6 6. Bd3 Be7 7. O-O Nf6 8.
Re1 Nxe4 9. Bxe4 Bxe4 10. Rxe4 Nd7 11. c3 Nf6 12. Re1 O-O 13. Qb3 Qc8 14. Bg5
c5 15. dxc5 Qxc5 16. Re5 Qc7 17. h3 Rfd8 18. Rae1 Rd6 19. Rb5 Rd7 20. Ne5 a6
21. Rb6 Nd5 22. Nxd7 Nxb6 23. Nxb6 Bxg5 24. Nxa8 1-0

[Event "La Colonne Ouverte"]
[Site "Hull CAN"]
[Date "2002.10.22"]
[Round "2"]
[White "Lacourse, Guy"]
[Black "Bolduc, Christian"]
[Result "1-0"]
[WhiteElo "1651"]
[BlackElo "1431"]
[PlyCount "69"]
[EventDate "2002.10.15"]
[EventType "swiss"]
[EventRounds "5"]
[EventCountry "CAN"]

1. d4 d5 2. c4 Nf6 3. cxd5 Nxd5 4. e4 Nb6 5. Nc3 Nc6 6. Be3 e6 7. Nf3 g6 8. Be2
Bg7 9. O-O O-O 10. Qd2 Re8 11. a4 Nd7 12. Bh6 Bf6 13. e5 Ndxe5 14. dxe5 Nxe5
15. Qxd8 Rxd8 16. Rad1 Nd7 17. Rd2 a6 18. Rfd1 Rb8 19. Ne4 Be7 20. Bg5 f6 21.
Bxf6 Kf8 22. Bc4 Nxf6 23. Rxd8+ Ne8 24. R8d3 h6 25. Ne5 Kg7 26. Nd7 Ra8 27.
Bxe6 b5 28. Bd5 Rb8 29. Nxb8 Bf5 30. axb5 axb5 31. Nc6 Bf8 32. Rf3 Kh7 33. g4
Bxe4 34. Rxf8 Ng7 35. Bxe4 1-0

[Event "La Colonne Ouverte"]
[Site "Hull CAN"]
[Date "2002.10.22"]
[Round "2"]
[White "Laurin, Jacques"]
[Black "Maisonneuve, Paul"]
[Result "1-0"]
[WhiteElo "1943"]
[BlackElo "1637"]
[PlyCount "81"]
[EventDate "2002.10.15"]
[EventType "swiss"]
[EventRounds "5"]
[EventCountry "CAN"]

1. c4 Nf6 2. Nc3 g6 3. g3 Bg7 4. Bg2 O-O 5. d4 d6 6. Bg5 Nbd7 7. Qd2 e5 8. e3
h6 9. Bxf6 Nxf6 10. Nge2 exd4 11. Nxd4 a6 12. O-O Rb8 13. Qc2 c5 14. Nde2 Be6
15. b3 b5 16. Nf4 b4 17. Ncd5 Nxd5 18. cxd5 Bxa1 19. dxe6 Qf6 20. Bd5 fxe6 21.
Nxe6 Bc3 22. Nxc5+ Kg7 23. Ne6+ Kh7 24. Nxf8+ Rxf8 25. Qd3 Qe5 26. Be4 Rf6 27.
Rd1 a5 28. Qc4 Kg7 29. Rd5 Qe7 30. Rxa5 Be1 31. Qd4 Bxf2+ 32. Kg2 Kg8 33. Ra8+
Rf8 34. Rxf8+ Qxf8 35. Bd5+ Kh7 36. Qa7+ Kh8 37. Qd4+ Kh7 38. Qd2 Qf5 39. Bf3
Bxe3 40. Qxe3 Qc2+ 41. Qe2 1-0

[Event "La Colonne Ouverte"]
[Site "Hull CAN"]
[Date "2002.10.22"]
[Round "2"]
[White "Laurin, Marcel"]
[Black "Dallaire, Dominic"]
[Result "1-0"]
[WhiteElo "1766"]
[BlackElo "1655"]
[PlyCount "81"]
[EventDate "2002.10.15"]
[EventType "swiss"]
[EventRounds "5"]
[EventCountry "CAN"]

1. d4 Nf6 2. c4 g6 3. Nc3 Bg7 4. e4 d6 5. f3 O-O 6. Be3 b6 7. Qd2 c5 8. d5 Re8
9. Bh6 Bh8 10. Bd3 Nbd7 11. Nge2 Ne5 12. O-O Nxd3 13. Qxd3 Nd7 14. f4 Nf6 15.
h3 a6 16. Rf3 Bd7 17. Raf1 b5 18. f5 bxc4 19. Qd2 Bg7 20. fxg6 fxg6 21. Bxg7
Kxg7 22. Ng3 Qb6 23. Nd1 Qb4 24. Qg5 Ba4 25. Nh5+ Kg8 26. Nxf6+ exf6 27. Qxf6
Bxd1 28. Rxd1 Rxe4 29. Qxd6 Re1+ 30. Rxe1 Qxe1+ 31. Kh2 Re8 32. Qxc5 Qe5+ 33.
Kg1 Qxb2 34. Qxc4 Re1+ 35. Rf1 Rxf1+ 36. Kxf1 Qb5 37. Qxb5 axb5 38. Ke2 Kf7 39.
Kd3 Ke7 40. Kc3 Kd6 41. Kb4 1-0

[Event "La Colonne Ouverte"]
[Site "Hull CAN"]
[Date "2002.10.22"]
[Round "2"]
[White "Rose, Richard"]
[Black "Brousseau, Yvan"]
[Result "1/2-1/2"]
[WhiteElo "1787"]
[BlackElo "1912"]
[PlyCount "42"]
[EventDate "2002.10.15"]
[EventType "swiss"]
[EventRounds "5"]
[EventCountry "CAN"]

1. e4 e5 2. Nf3 Nc6 3. Bc4 Bc5 4. Nc3 Nf6 5. d3 h6 6. Be3 Bb6 7. h3 O-O 8. Qd2
Bxe3 9. Qxe3 d6 10. g4 Na5 11. g5 Nxc4 12. dxc4 hxg5 13. Qxg5 Nh7 14. Qg3 Be6
15. Rg1 Qf6 16. Nd5 Bxd5 17. cxd5 Qg6 18. Qh4 Qf6 19. Qg3 Qg6 20. Qh4 Qf6 21.
Qg3 Qg6 1/2-1/2

[Event "La Colonne Ouverte"]
[Site "Hull CAN"]
[Date "2002.10.22"]
[Round "2"]
[White "Thibault, Mario"]
[Black "Thomann, Olivier"]
[Result "1/2-1/2"]
[WhiteElo "1656"]
[BlackElo "1841"]
[PlyCount "63"]
[EventDate "2002.10.15"]
[EventType "swiss"]
[EventRounds "5"]
[EventCountry "CAN"]

1. Nf3 Nf6 2. g3 b6 3. Bg2 Bb7 4. O-O e6 5. d3 d5 6. Nfd2 c5 7. e4 Nc6 8. Re1
Be7 9. e5 Nd7 10. f4 O-O 11. Nf3 Re8 12. Nbd2 Bf8 13. c4 d4 14. Ne4 h6 15. b3
Rb8 16. Bb2 f6 17. exf6 Nxf6 18. Ne5 Nxe5 19. Nxf6+ Qxf6 20. fxe5 Qf5 21. Bxb7
Rxb7 22. Qe2 Ree7 23. Rf1 Qg6 24. Rae1 Rf7 25. Rxf7 Rxf7 26. Bc1 Qf5 27. Rf1
Qxf1+ 28. Qxf1 Rxf1+ 29. Kxf1 Kf7 30. Kf2 Kg6 31. g4 Be7 32. Kf3 1/2-1/2

[Event "La Colonne Ouverte"]
[Site "Hull CAN"]
[Date "2002.10.29"]
[Round "3"]
[White "Lacourse, Guy"]
[Black "Beland, Guy"]
[Result "1/2-1/2"]
[WhiteElo "1651"]
[BlackElo "1276"]
[PlyCount "67"]
[EventDate "2002.10.15"]
[EventType "swiss"]
[EventRounds "5"]
[EventCountry "CAN"]

1. d4 Nf6 2. Nf3 g6 3. c4 Bg7 4. Nc3 d5 5. Qb3 O-O 6. cxd5 c6 7. dxc6 Nxc6 8.
d5 Na5 9. Qb5 Bd7 10. Qd3 Rc8 11. e3 a6 12. a4 Nb3 13. Ra3 Nxc1 14. Qd1 Bf5 15.
Qxc1 Nxd5 16. Be2 Nxc3 17. bxc3 Qa5 18. O-O Bxc3 19. Qd1 Rfd8 20. Qb3 Bb4 21.
Raa1 Be6 22. Qb1 Bd5 23. Rd1 Bxf3 24. Rxd8+ Rxd8 25. Bxf3 b6 26. Qb3 Bd6 27.
Rb1 Bc5 28. Bd5 e6 29. Bxe6 fxe6 30. Qxe6+ Kf8 31. Qf6+ Ke8 32. Qe6+ Be7 33.
Qg8+ Bf8 34. Qe6+ 1/2-1/2

[Event "La Colonne Ouverte"]
[Site "Hull CAN"]
[Date "2002.11.05"]
[Round "4"]
[White "Blouin, Francois"]
[Black "Villeneuve, Luc"]
[Result "0-1"]
[WhiteElo "1459"]
[BlackElo "1659"]
[PlyCount "74"]
[EventDate "2002.10.15"]
[EventType "swiss"]
[EventRounds "5"]
[EventCountry "CAN"]

1. e4 d6 2. Nc3 Nf6 3. g3 c5 4. Bg2 Nc6 5. d3 g6 6. f4 Bg7 7. Nf3 Rb8 8. Be3 b5
9. h3 b4 10. Ne2 Bb7 11. Rb1 Qa5 12. Nc1 b3+ 13. Bd2 bxc2 14. Qxc2 Qb6 15. Be3
O-O 16. O-O Rfc8 17. Qb3 Qd8 18. Ng5 Qe8 19. Ne2 Nd4 20. Qd1 Nxe2+ 21. Qxe2 Ba6
22. e5 Nd7 23. e6 fxe6 24. Nxe6 Bf6 25. Bd5 Kh8 26. f5 Nb6 27. Bc4 Nxc4 28.
dxc4 Rb4 29. b3 gxf5 30. Rxf5 Qg6 31. g4 Bxc4 32. Qxc4 Rxc4 33. bxc4 Be5 34.
Nf8 Qg8 35. Nd7 Bd4 36. Bxd4+ cxd4 37. Rbf1 Qe6 0-1

[Event "La Colonne Ouverte"]
[Site "Hull CAN"]
[Date "2002.11.05"]
[Round "4"]
[White "Brousseau, Yvan"]
[Black "Thibault, Mario"]
[Result "1-0"]
[WhiteElo "1912"]
[BlackElo "1656"]
[PlyCount "41"]
[EventDate "2002.10.15"]
[EventType "swiss"]
[EventRounds "5"]
[EventCountry "CAN"]

1. d4 d5 2. c4 c6 3. e3 Nf6 4. Nc3 g6 5. Nf3 Bg7 6. Bd3 O-O 7. Qb3 dxc4 8. Bxc4
Nbd7 9. O-O Qc7 10. e4 e5 11. Be3 Ng4 12. Rad1 Nxe3 13. fxe3 b5 14. Bxf7+ Rxf7
15. Ng5 Nf6 16. dxe5 Nd5 17. Rxf7 Qxe5 18. Nxd5 Bg4 19. Ne7+ Kh8 20. Rf8+ Rxf8
21. Qg8+ 1-0

[Event "La Colonne Ouverte"]
[Site "Hull CAN"]
[Date "2002.11.05"]
[Round "4"]
[White "Groleau, Gilles"]
[Black "Laurin, Jacques"]
[Result "1-0"]
[WhiteElo "2122"]
[BlackElo "1943"]
[PlyCount "77"]
[EventDate "2002.10.15"]
[EventType "swiss"]
[EventRounds "5"]
[EventCountry "CAN"]

1. e4 c5 2. Nf3 e6 3. Be2 Be7 4. c3 Nf6 5. e5 Nd5 6. d4 cxd4 7. cxd4 Bb4+ 8.
Bd2 Qa5 9. O-O Bxd2 10. Nbxd2 b5 11. a4 Nf4 12. Bxb5 O-O 13. Nc4 Qb4 14. Qd2
Qxd2 15. Ncxd2 a6 16. Bc4 Nc6 17. g3 Ng6 18. Rab1 f6 19. exf6 Rxf6 20. d5 Nce5
21. Nxe5 Nxe5 22. Ba2 Bb7 23. f4 Ng4 24. dxe6 dxe6 25. f5 Bd5 26. Bxd5 exd5 27.
Rf4 Ne3 28. Re1 Nxf5 29. Re5 Raf8 30. Rxd5 g5 31. Rf2 h6 32. b4 Kh7 33. Ne4 Re6
34. Nxg5+ hxg5 35. Rdxf5 Rxf5 36. Rxf5 Re4 37. Rxg5 Rxb4 38. Ra5 Rb6 39. h4 1-0

[Event "La Colonne Ouverte"]
[Site "Hull CAN"]
[Date "2002.11.05"]
[Round "4"]
[White "Lavergne, Daniel"]
[Black "Lacourse, Guy"]
[Result "0-1"]
[WhiteElo "1799"]
[BlackElo "1651"]
[PlyCount "64"]
[EventDate "2002.10.15"]
[EventType "swiss"]
[EventRounds "5"]
[EventCountry "CAN"]

1. e4 c5 2. Nf3 d6 3. d4 cxd4 4. Nxd4 Nf6 5. Nc3 e6 6. g4 h6 7. h3 a6 8. Be3
Qc7 9. Qe2 Bd7 10. O-O-O Nc6 11. f4 Be7 12. Kb1 b5 13. g5 hxg5 14. fxg5 Ng8 15.
g6 f6 16. Nxc6 Bxc6 17. Qg4 Bd7 18. e5 dxe5 19. Bg2 Rc8 20. Rxd7 Qxd7 21. Rd1
f5 22. Qe2 Qc7 23. Bf4 Bf6 24. Nxb5 axb5 25. Qxb5+ Kf8 26. Qb4+ Be7 27. Qa4
exf4 28. Rd7 Rd8 29. Bc6 Rxd7 30. Bxd7 Rxh3 31. Qa8+ Qd8 32. Qc6 Qxd7 0-1

[Event "La Colonne Ouverte"]
[Site "Hull CAN"]
[Date "2002.11.05"]
[Round "4"]
[White "Levesque, Andre"]
[Black "Dupont, Claude"]
[Result "1/2-1/2"]
[WhiteElo "1537"]
[BlackElo "1260"]
[PlyCount "124"]
[EventDate "2002.10.15"]
[EventType "swiss"]
[EventRounds "5"]
[EventCountry "CAN"]

1. e4 c5 2. Nc3 Nc6 3. f4 d6 4. Nf3 Bg4 5. Bc4 e6 6. O-O Nf6 7. d3 a6 8. a3 b5
9. Bb3 Nd4 10. Be3 Nxf3+ 11. gxf3 Bh5 12. Ne2 d5 13. Ng3 dxe4 14. Nxh5 Nxh5 15.
fxe4 Nf6 16. e5 Nd5 17. Bd2 g6 18. c4 Ne7 19. Qe2 Nf5 20. Rac1 Be7 21. Qe4 Qd4+
22. Qxd4 Nxd4 23. Ba2 O-O 24. b4 Rfc8 25. Be3 Nf5 26. Bd2 Nd4 27. Bc3 Nf5 28.
Rfe1 Kg7 29. Re4 Ra7 30. d4 cxd4 31. Bxd4 Rd7 32. Bf2 Rd2 33. Bb3 Rd3 34. Rb1
bxc4 35. Bxc4 Rxa3 36. b5 axb5 37. Rxb5 Rc3 38. Bb3 Bc5 39. Bxc5 R8xc5 40. Rb7
Rc7 41. Rbb4 Rc1+ 42. Kf2 Rb1 43. Ba4 Rxb4 44. Rxb4 Re7 45. Bc2 h6 46. Bxf5
exf5 47. Kf3 g5 48. h3 f6 49. exf6+ Kxf6 50. Rb6+ Kg7 51. Rb5 Rf7 52. Kg3 Kg6
53. h4 g4 54. Rb1 h5 55. Re1 Kf6 56. Re8 Re7 57. Rh8 Kg6 58. Rg8+ Rg7 59. Re8
Rf7 60. Re3 Kf6 61. Kf2 Re7 62. Rd3 Kg6 1/2-1/2

[Event "La Colonne Ouverte"]
[Site "Hull CAN"]
[Date "2002.11.05"]
[Round "4"]
[White "Thomann, Olivier"]
[Black "Mai, Lloyd"]
[Result "1-0"]
[WhiteElo "1841"]
[BlackElo "1494"]
[PlyCount "81"]
[EventDate "2002.10.15"]
[EventType "swiss"]
[EventRounds "5"]
[EventCountry "CAN"]

1. e4 e5 2. Nf3 d6 3. d4 Nd7 4. Bc4 c6 5. O-O Be7 6. c3 Ngf6 7. Re1 b5 8. Bb3
O-O 9. Nbd2 Qc7 10. Nf1 Nb6 11. Ng3 a5 12. a4 b4 13. Be3 c5 14. dxe5 dxe5 15.
cxb4 axb4 16. Qc2 Ba6 17. Nf5 Rac8 18. Rec1 c4 19. Bxb6 Qxb6 20. Nxe7+ Kh8 21.
Nxc8 Rxc8 22. Nxe5 Qe6 23. Nxc4 Nxe4 24. Re1 Bxc4 25. Bxc4 Rxc4 26. Rad1 g6 27.
Qd3 Kg7 28. b3 Qf5 29. Qxc4 Qxf2+ 30. Kh1 Nf6 31. Rf1 Qb6 32. Qf4 Qe6 33. Rd6
Qe7 34. Qxf6+ Qxf6 35. Rdxf6 Kh6 36. a5 Kh5 37. a6 h6 38. a7 Kh4 39. a8=Q g5
40. Rxh6+ Kg4 41. Qf3# 1-0

[Event "La Colonne Ouverte"]
[Site "Hull CAN"]
[Date "2002.11.12"]
[Round "5"]
[White "Laurin, Jacques"]
[Black "Arseneau, Peter"]
[Result "0-1"]
[WhiteElo "1943"]
[BlackElo "1758"]
[PlyCount "62"]
[EventDate "2002.10.15"]
[EventType "swiss"]
[EventRounds "5"]
[EventCountry "CAN"]

1. c4 Nf6 2. Nc3 e5 3. g3 Bb4 4. Bg2 c6 5. Nf3 e4 6. Nd4 d5 7. Nxd5 Nxd5 8.
cxd5 Qxd5 9. Nc2 Ba5 10. b4 Bb6 11. Bb2 O-O 12. d4 f5 13. Ne3 Qf7 14. Qc2 Be6
15. O-O Na6 16. a3 Nc7 17. f3 Nb5 18. Qd2 Rad8 19. Nc2 Bb3 20. e3 Qd5 21. a4
Nd6 22. a5 Nc4 23. Qc3 Bxc2 24. axb6 Bd3 25. fxe4 fxe4 26. Rxf8+ Rxf8 27. bxa7
Ra8 28. Bc1 Qf7 29. Ra2 Nxe3 30. Rf2 Qxf2+ 31. Kxf2 Nd1+ 0-1